[Letter from I. Priscott of Bovey to Mr Dan[...] of East Budleigh, Devon, dated 8 January 1840 regarding the sale of property] (Record no. 116572)
[ view plain ]
| 000 -LEADER | |
|---|---|
| fixed length control field | 00598ctm a22002055a 4500 |
| 001 - CONTROL NUMBER | |
| control field | L141076 |
| 008 - FIXED-LENGTH DATA ELEMENTS--GENERAL INFORMATION | |
| fixed length control field | 071026s1840 xxk eng u |
| 035 ## - SYSTEM CONTROL NUMBER | |
| System control number | (Sirsi) u141076 |
| 041 0# - LANGUAGE CODE | |
| Language code of text/sound track or separate title | eng |
| 100 1# - MAIN ENTRY--PERSONAL NAME | |
| Personal name | Priscott, I. |
| 245 01 - TITLE STATEMENT | |
| Title | [Letter from I. Priscott of Bovey to Mr Dan[...] of East Budleigh, Devon, dated 8 January 1840 regarding the sale of property] |
| Medium | [manuscript] |
| 260 ## - PUBLICATION, DISTRIBUTION, ETC. | |
| Date of publication, distribution, etc. | 1840 |
| 300 ## - PHYSICAL DESCRIPTION | |
| Extent | 2 leaves |
| Dimensions | 20 x 16 cm. |
| 340 ## - PHYSICAL MEDIUM | |
| Material base and configuration | Ink on paper |
| 351 ## - ORGANIZATION AND ARRANGEMENT OF MATERIALS | |
| Hierarchical level | Single item |
| 500 ## - GENERAL NOTE | |
| General note | Item presented by E. G. Collier. |
| 651 4# - SUBJECT ADDED ENTRY--GEOGRAPHIC NAME | |
| Geographic name | Devon |
| 690 ## - LOCAL SUBJECT ADDED ENTRY--TOPICAL TERM (OCLC, RLIN) | |
| Topical term or geographic name as entry element | PROPERTY |
| 942 ## - ADDED ENTRY ELEMENTS (KOHA) | |
| Suppress in OPAC | 0 |
| Withdrawn status | Lost status | Source of classification or shelving scheme | Damaged status | Not for loan | Home library | Current library | Shelving location | Date acquired | Total Checkouts | Full call number | Barcode | Date last seen | Copy number | Price effective from | Koha item type |
|---|---|---|---|---|---|---|---|---|---|---|---|---|---|---|---|
| Dewey Decimal Classification | London | London | Basement | 26/10/2007 | BASEMENT BOX 4 | 141076-1001 | 06/08/2019 | 1 | 06/08/2019 | Archive |